| 000 | 01054nam a22002297a 4500 | ||
|---|---|---|---|
| 003 | OSt | ||
| 005 | 20240712102743.0 | ||
| 008 | 240712b ||||| |||| 00| 0 eng d | ||
| 022 | _a09732330 | ||
| 040 | _cAIMIT LIBRARY | ||
| 082 |
_a658.8 _bMARC |
||
| 110 |
_a _9173218 |
||
| 245 |
_aJournal of marketing and communication / _cEdited by S Neelamegham. |
||
| 260 |
_aNoida : _bNILM centre for management , _c2011,2012,2013. |
||
| 300 |
_bHB _c27 cm. |
||
| 440 |
_aJournal of Marketing and communication _vVol.6 No.3/2011,Vol.8 No.1&2/2012,Vol.8 No.3/2013 _9173219 |
||
| 440 | _vVol.9 No.1&2/2013,Vol.9 No.3/2014,Vol.10 No.1&2/2014 | ||
| 650 |
_aSocial change and development of women through SHGs an empirical research _9173220 |
||
| 650 |
_aImpact of advertisement on consumer buying behavior _9173221 |
||
| 700 |
_aNeelamegham, S. _9173235 |
||
| 942 |
_2ddc _cBV _k658.8 MARC |
||
| 999 |
_c231441 _d231441 |
||